Score 0/21 Timer 05:00
0 Plays Today
% Correct
Barack Obama
96.8%
Bill Clinton
96.3%
Abraham Lincoln
95.8%
Richard Nixon
89.5%
Ronald Reagan
88.8%
John F. Kennedy
85%
Franklin D. Roosevelt
82.5%
Thomas Jefferson
79.8%
George Washington
78%
Jimmy Carter
76.6%
George H. W. Bush
76.5%
% Correct
George W. Bush
71.7%
Dwight D. Eisenhower
70.7%
William Howard Taft
69.8%
Theodore Roosevelt
68.7%
Gerald Ford
68.3%
Andrew Jackson
59.9%
Harry S. Truman
51.9%
James Madison
51.7%
Woodrow Wilson
48.6%
Calvin Coolidge
37.2%
Remove Ads.
Support Sporcle.
Get the best of Sporcle when you Go Orange. This ad-free experience offers more features, more stats, and more fun while also helping to support Sporcle. Thank you for becoming a member.

You're not logged in!

Compare scores with friends on all Sporcle quizzes.
OR
Log In

Show Comments

Extras

Top Quizzes Today


Score Distribution

Your Account Isn't Verified!

In order to create a playlist on Sporcle, you need to verify the email address you used during registration. Go to your Sporcle Settings to finish the process.

Report this User

Report this user for behavior that violates our Community Guidelines.

Details: